Rugby World Cup champions - Statistics

General Stats
  • This quiz has been taken 90 times
    37 since last reset
  • The average score is 10 of 10
Answer Stats
Year Host Champion % Correct
1987 Australia/New Zealand New Zealand
100%
2011 New Zealand New Zealand
100%
2015 England New Zealand
100%
1991 England Australia
96%
1999 Wales Australia
96%
1995 Republic of South Africa South Africa
96%
2007 France South Africa
96%
2019 Japan South Africa
96%
2023 France South Africa
96%
2003 Australia England
93%
No matching quizzes found
Score Distribution
Percent of People with Each Score
Percentile by Number Answered
Your Score History
You have not taken this quiz since the last reset